Human Rights and Social Policies for Children and Women; (Record no. 202280)

MARC details
000 -LEADER
fixed length control field 00786 a2200217 4500
005 - DATE AND TIME OF LATEST TRANSACTION
control field 20240419103630.0
010 ## - LCCN (DPL NO)
LC control number B-758651
020 ## - INTERNATIONAL STANDARD BOOK NUMBER
International Standard Book Number 9780976625209
Terms of availability 900.00
035 ## - SYSTEM CONTROL NUMBER
System control number B-758651
037 ## - SOURCE OF ACQUISITION
Source of stock number/acquisition Gift/Unesco
082 ## - DEWEY DECIMAL CLASSIFICATION NUMBER
Classification number 323
245 ## - TITLE STATEMENT
Title Human Rights and Social Policies for Children and Women;
Remainder of title the multiple indicator cluster survey (MICS) in practice/
Statement of responsibility, etc Edited by- Alberto Minujin, Enrique Delamonica [and] Marina Komarecki
260 ## - PUBLICATION, DISTRIBUTION, ETC. (IMPRINT)
Place of publication, distribution, etc New York
Name of publisher, distributor, etc The New School
Date of publication, distribution, etc 2005
270 ## - ADDRESS
Address New York
300 ## - PHYSICAL DESCRIPTION
Extent 352p.;
Dimensions 22cm. (Pbk)
700 ## - ADDED ENTRY--PERSONAL NAME
Personal name Minujin, Alberto
9 (RLIN) 64776
700 ## - ADDED ENTRY--PERSONAL NAME
Personal name Delamonica, Enrique
9 (RLIN) 64900
700 ## - ADDED ENTRY--PERSONAL NAME
Personal name Komarecki, Marina
9 (RLIN) 64901
942 ## - ADDED ENTRY ELEMENTS (KOHA)
Institution code [OBSOLETE] dpl
Item type English Books
Source of classification or shelving scheme Dewey Decimal Classification
Classification part 323
Call number suffix HUM
Holdings
Withdrawn status Lost status Not for loan Collection code Home library Current library Date acquired Source of acquisition Cost, normal purchase price Full call number Barcode Copy number Cost, replacement price Koha item type Public note
      Non-fiction Janak Puri Janak Puri 19/04/2024 Gift/4.4.24 900.00 323 HUM B-758651 1 900.00 English Books Gift

© Delhi Public Library
Hit Counter
free hit counter